Verejné prísľuby zatiaľ nenapĺňajú zámer zákonodarcu
Nadobúdanie verejne obchodovateľných akcií jedného emitenta podľa novely zákona č. 600/1992 Zb. o cenných papieroch. Náležitosti verejného prísľubu. Postup pri realizácii verejného prísľubu zabezpečenej Burzou cenných papierov v Bratislave alebo RM-Systémom Slovakia.
Salvato in:
| Autore principale: | |
|---|---|
| Natura: | Capitolo di libro |
| Lingua: | slovacco |
| Soggetti: | |
| Tags: |
Nessun Tag, puoi essere il primo ad aggiungerne!!
|
MARC
| LEADER | 00000naa a2200000 4500 | ||
|---|---|---|---|
| 001 | r022556 | ||
| 005 | 20230921075400.3 | ||
| 041 | 0 | |a slo | |
| 044 | |a SK | ||
| 245 | 1 | 0 | |a Verejné prísľuby zatiaľ nenapĺňajú zámer zákonodarcu |c Alena Šebeňová |
| 520 | |a Nadobúdanie verejne obchodovateľných akcií jedného emitenta podľa novely zákona č. 600/1992 Zb. o cenných papieroch. Náležitosti verejného prísľubu. Postup pri realizácii verejného prísľubu zabezpečenej Burzou cenných papierov v Bratislave alebo RM-Systémom Slovakia. | ||
| 610 | 2 | 0 | |a Slovensko |
| 610 | 2 | 0 | |a trh kapitálový |
| 610 | 2 | 0 | |a akcie |
| 610 | 2 | 0 | |a obchody burzové |
| 610 | 2 | 0 | |a obchody mimoburzové |
| 610 | 2 | 0 | |a papiere cenné |
| 610 | 2 | 0 | |a BCP Bratislava |
| 610 | 2 | 0 | |a RM-Systém Slovakia |
| 610 | 2 | 0 | |a zákony |
| 610 | 2 | 0 | |a novelizácia |
| 610 | 2 | 0 | |a 1992 |
| 100 | 1 | |a Šebeňová, Alena | |